[Event "Olavarria op"]
[Site "Olavarria"]
[Date "2019.03.21"]
[Round "3"]
[White "Lopez, Bernardo"]
[Black "Gisler, Morena"]
[Result "1-0"]
[WhiteElo "1608"]
[BlackElo "1145"]
[PlyCount "63"]
[EventDate "2019.03.11"]
[EventType "swiss"]
[EventRounds "9"]
[EventCountry "ARG"]
[SourceTitle "CBM 190 Extra"]
[Source "ChessBase"]
[SourceDate "2019.07.15"]
[SourceVersion "1"]
[SourceVersionDate "2019.07.15"]
[SourceQuality "1"]

1. e4 c5 2. c3 d6 3. Nf3 Nf6 4. Be2 Nxe4 5. Qa4+ Bd7 6. Qxe4 Nc6 7. 0-0 g6 8. Qc2 Bg7 9. d3 0-0 10. Be3 Bf5 11. Qd2 Qc7 12. Bh6 Rad8 13. Na3 a6 14. Nc4 b5 15. Bxg7 Kxg7 16. Ne3 e6 17. g4 Rfe8 18. gxf5 exf5 19. Kh1 Qe7 20. Rae1 d5 21. Rg1 d4 22. Nxf5+ Kf8 23. Nxe7 Rxe7 24. Qh6+ Kg8 25. Ng5 f6 26. Nxh7 Rxh7 27. Qxg6+ Kf8 28. Qxf6+ Rf7 29. Qxc6 dxc3 30. Bh5 Re7 31. Qf6+ Rf7 32. Qxf7# 1-0

[Event "Olavarria op"]
[Site "Olavarria"]
[Date "2019.03.14"]
[Round "2"]
[White "Lopez, Bernardo"]
[Black "Arambel, Juan Ignacio"]
[Result "0-1"]
[WhiteElo "1608"]
[BlackElo "1451"]
[PlyCount "60"]
[EventDate "2019.03.11"]
[EventType "swiss"]
[EventRounds "9"]
[EventCountry "ARG"]
[SourceTitle "CBM 190 Extra"]
[Source "ChessBase"]
[SourceDate "2019.07.15"]
[SourceVersion "1"]
[SourceVersionDate "2019.07.15"]
[SourceQuality "1"]

1. e4 c5 2. c3 d6 3. d4 cxd4 4. cxd4 Nf6 5. Nc3 g6 6. Bg5 Bg7 7. Nf3 Bg4 8. Be2 Bxf3 9. Bxf3 Nc6 10. Qa4 0-0 11. 0-0 Qb6 12. Ne2 Rac8 13. Rac1 Nb4 14. Qb3 Rfe8 15. Be3 a5 16. a3 Nbd5 17. Qa2 Nxe3 18. fxe3 Bh6 19. Kf2 Qb5 20. Rc3 Rxc3 21. bxc3 Qd3 22. Nf4 Bxf4 23. exf4 Nxe4+ 24. Bxe4 Qxe4 25. Kg3 Rc8 26. Rf3 Qe1+ 27. Qf2 Qc1 28. Qe3 Qxe3 29. Rxe3 e6 30. Kf3 Rc4 0-1